000 00474nam a2200193Ia 4500
005 20250522104344.0
008 008 250516s9999 xx 000 0 eng d
020 _a9781526664280
040 _aSDCL
_beng
_cSDCL
041 _aeng
_2eng
084 _aO-,3N63, R3 LR
_qSDCL
100 _aPatchett, Ann
_9752405
245 0 _aTom Lake
260 _aNew Delhi:
_bBloomsbury,
_c2023.
300 _a309p.
365 _aINR
_b799
650 _aReference
942 _cTEXL
999 _c1430052
_d1430052